Normal view
MARC view
- Faiza Iqba
Entry Personal Name
001 - CONTROL NUMBER
- control field: 70356
003 - CONTROL NUMBER IDENTIFIER
- control field: NUST
005 - DATE AND TIME OF LATEST TRANSACTION
- control field: 20210628204435.0
008 - FIXED-LENGTH DATA ELEMENTS
- fixed length control field: 210628|| aca||aabn | a|a d
040 ## - CATALOGING SOURCE
- Original cataloging agency: NUST
- Transcribing agency: NUST
100 ## - HEADING--PERSONAL NAME
- Personal name: Faiza Iqba
670 ## - SOURCE DATA FOUND
- Source citation: Work cat.: (NUST): Faiza Iqba, TH-SOF-1157-Multipath Routing Optimization in Wreless Mesh Networks, 2015
